[Event "Marianske Lazne op"]
[Site "Marianske Lazne"]
[Date "2007.01.20"]
[Round "1"]
[White "Frotscher, Thomas"]
[Black "Wiessner, Johann"]
[Result "1-0"]
[WhiteElo "2206"]
[BlackElo "1877"]
[PlyCount "61"]
[EventDate "2007.01.20"]
[EventType "swiss"]
[EventRounds "9"]
[EventCountry "CZE"]
[SourceTitle "EXT 2008"]
[Source "ChessBase"]
[SourceDate "2007.11.25"]
[SourceVersion "1"]
[SourceVersionDate "2007.11.25"]
[SourceQuality "1"]

1. c4 c6 2. Nf3 d5 3. e3 Nf6 4. b3 Bf5 5. Bb2 e6 6. Be2 h6 7. 0-0 Be7 8. Ne5 0-0 9. f4 Nbd7 10. cxd5 exd5 11. Nc3 Bh7 12. d4 Rc8 13. Bd3 Bxd3 14. Qxd3 h5 15. Rf3 Re8 16. Raf1 Bf8 17. Rg3 Qe7 18. Qf5 Qe6 19. Qg5 a6 20. Nxd7 Nxd7 21. Qxh5 Nf6 22. Qh4 Ne4 23. Nxe4 Qxe4 24. Rh3 f6 25. Qh5 Rc7 26. f5 Bd6 27. Bc1 Rec8 28. Rh4 Qe7 29. Rf3 c5 30. Qh7+ Kf7 31. Qg6+ 1-0

[Event "GER-chT Betriebe"]
[Site "Berlin"]
[Date "2006.10.08"]
[Round "7.2"]
[White "Wiessner, Johann"]
[Black "Scharrer, Udo"]
[Result "0-1"]
[WhiteElo "1877"]
[BlackElo "2117"]
[PlyCount "120"]
[EventDate "2006.10.05"]
[EventType "team-tourn"]
[EventRounds "7"]
[EventCountry "GER"]
[SourceTitle "EXT 2020"]
[Source "ChessBase"]
[SourceDate "2019.10.17"]
[SourceVersion "1"]
[SourceVersionDate "2019.10.17"]
[SourceQuality "1"]
[WhiteTeam "Augsburg Osram"]
[BlackTeam "SG Stern Stuttgart"]
[WhiteTeamCountry "GER"]
[BlackTeamCountry "GER"]

1. d4 Nf6 2. c4 g6 3. Nc3 Bg7 4. e4 d6 5. Be2 0-0 6. Bg5 h6 7. Bf4 Nbd7 8. Qd2 Kh7 9. Nf3 Re8 10. Bg3 e5 11. d5 Nc5 12. Qc2 a5 13. 0-0 Nh5 14. Ne1 Nxg3 15. hxg3 f5 16. Nf3 f4 17. Rab1 fxg3 18. fxg3 Bd7 19. a3 a4 20. Qd2 Bf6 21. Qe3 Kg7 22. Rf2 Rf8 23. Rbf1 Qe7 24. Qd2 Rac8 25. Qd1 Bg5 26. Nxg5 Qxg5 27. Rxf8 Rxf8 28. Rxf8 Kxf8 29. Qf1+ Kg7 30. Qe1 Qe3+ 31. Qf2 Qc1+ 32. Bf1 b6 33. Kh2 Qg5 34. Be2 Qd2 35. Nd1 Nxe4 36. Qf3 Nf6 37. Qd3 Ng4+ 38. Kg1 Qe1+ 39. Bf1 Bf5 40. Qf3 Kf6 41. Nf2 Nxf2 42. Qxf2 Qxf2+ 43. Kxf2 Bc2 44. Be2 Kf5 45. Ke3 e4 46. Kd4 h5 47. Kc3 Bd3 48. Bd1 b5 49. cxb5 Bxb5 50. Kd4 c5+ 51. dxc6 Bxc6 52. Be2 Kg5 53. Ke3 h4 54. gxh4+ Kxh4 55. Kf4 g5+ 56. Kf5 d5 57. Ke5 Kg3 58. Kd6 Ba8 59. Kc5 Kf2 60. Bg4 e3 0-1

[Event "Bad Woerishofen op 19th"]
[Site "Bad Woerishofen"]
[Date "2003.03.21"]
[Round "9"]
[White "Wiessner, Johann"]
[Black "Dittler, Volkfried"]
[Result "1-0"]
[WhiteElo "1586"]
[BlackElo "1500"]
[PlyCount "43"]
[EventDate "2003.03.13"]
[EventType "swiss"]
[EventRounds "9"]
[EventCountry "GER"]
[SourceTitle "CBM 093 Extra"]
[Source "ChessBase"]
[SourceDate "2003.05.09"]
[SourceVersion "1"]
[SourceVersionDate "2003.05.09"]
[SourceQuality "1"]

1. d4 Nf6 2. c4 e6 3. g3 b6 4. Bg2 Nc6 5. Nf3 d5 6. Nc3 Bb4 7. 0-0 Bxc3 8. bxc3 Ne4 9. Qc2 Bb7 10. cxd5 exd5 11. Ba3 Ne7 12. Ne5 Nd6 13. e3 0-0 14. Rfe1 f6 15. Nd3 Re8 16. Nf4 Nc4 17. Bxe7 Rxe7 18. Qf5 Nd6 19. Bxd5+ Kh8 20. Qh5 Bxd5 21. Ng6+ Kg8 22. Nxe7+ 1-0

[Event "Bad Woerishofen op 19th"]
[Site "Bad Woerishofen"]
[Date "2003.03.18"]
[Round "6"]
[White "Mathes, Christian"]
[Black "Wiessner, Johann"]
[Result "1-0"]
[WhiteElo "1317"]
[BlackElo "1586"]
[PlyCount "120"]
[EventDate "2003.03.13"]
[EventType "swiss"]
[EventRounds "9"]
[EventCountry "GER"]
[SourceTitle "CBM 093 Extra"]
[Source "ChessBase"]
[SourceDate "2003.05.09"]
[SourceVersion "1"]
[SourceVersionDate "2003.05.09"]
[SourceQuality "1"]

1. d4 d5 2. c4 c6 3. Nf3 Nf6 4. Nc3 e6 5. e3 Nbd7 6. Bd3 Be7 7. 0-0 0-0 8. Bd2 dxc4 9. Bxc4 b5 10. Bd3 Bb7 11. Rc1 a6 12. Qe2 c5 13. b3 cxd4 14. exd4 Nb6 15. Be3 Nbd5 16. Ne5 Nxc3 17. Rxc3 Ne4 18. Rc2 Bd6 19. Rd1 Bb4 20. Bxe4 Bxe4 21. Rcc1 Bd6 22. Qg4 Bf5 23. Qf3 Qh4 24. Qe2 f6 25. Nf3 Qe4 26. h3 g5 27. Nd2 Qb7 28. Qf3 Qg7 29. Qc6 Bf4 30. Bxf4 gxf4 31. Qc7 Rf7 32. Qxf4 Bxh3 33. Qf3 Bxg2 34. Qxg2 Rd8 35. Nf3 h6 36. Rc6 e5 37. Qxg7+ Rxg7+ 38. Kf1 e4 39. Ng1 Rg6 40. Ne2 a5 41. Re6 Rd7 42. d5 a4 43. b4 Kf7 44. Rxe4 f5 45. Re5 Rf6 46. Rc1 f4 47. Nd4 f3 48. Rc5 Rf4 49. Rf5+ Rxf5 50. Nxf5 Kg6 51. Nd4 Rf7 52. d6 Rf4 53. Rd5 Rh4 54. Ke1 Rh1+ 55. Kd2 Rf1 56. Ke3 Re1+ 57. Kxf3 Re8 58. d7 Rf8+ 59. Ke2 h5 60. d8Q Rxd8 1-0

[Event "Bad Woerishofen op 19th"]
[Site "Bad Woerishofen"]
[Date "2003.03.15"]
[Round "3"]
[White "Wiessner, Johann"]
[Black "Vonach, Bernhard"]
[Result "0-1"]
[WhiteElo "1586"]
[BlackElo "2050"]
[PlyCount "116"]
[EventDate "2003.03.13"]
[EventType "swiss"]
[EventRounds "9"]
[EventCountry "GER"]
[SourceTitle "CBM 093 Extra"]
[Source "ChessBase"]
[SourceDate "2003.05.09"]
[SourceVersion "1"]
[SourceVersionDate "2003.05.09"]
[SourceQuality "1"]

1. d4 Nf6 2. c4 g6 3. Nc3 d5 4. cxd5 Nxd5 5. e4 Nxc3 6. bxc3 Bg7 7. Be3 c5 8. Nf3 Nc6 9. Bc4 0-0 10. 0-0 Bg4 11. Be2 Bxf3 12. Bxf3 cxd4 13. cxd4 Nxd4 14. Bxd4 Bxd4 15. Rb1 b6 16. e5 Rc8 17. Rb5 Rc5 18. Rxc5 Bxc5 19. Qa4 Qc7 20. Qe4 e6 21. Rd1 Rd8 22. g3 Rxd1+ 23. Bxd1 Qd8 24. Qe2 Qd4 25. Kf1 Qd5 26. Kg1 Bd4 27. Bb3 Qxe5 28. Qxe5 Bxe5 29. Kg2 Kf8 30. Kf3 Ke7 31. Ke4 Bd6 32. h3 f5+ 33. Kd3 g5 34. Bd1 Kf6 35. Kc4 Bc5 36. f3 h5 37. g4 h4 38. Bc2 Ke5 39. Kd3 Kf4 40. Ke2 fxg4 41. fxg4 Kg3 42. Bb3 e5 43. Bd5 Kxh3 44. Kf3 Kh2 45. Ke4 Kg1 46. Kxe5 h3 47. Kf5 h2 48. Kxg5 h1Q 49. Bxh1 Kxh1 50. Kf6 Kg2 51. g5 Kf3 52. Ke5 Ke3 53. g6 Kd3 54. Kd5 Bf8 55. Kc6 Kc4 56. a3 a5 57. Kxb6 a4 58. Ka5 Kb3 0-1